000 00566nam a2200193 4500
001 123475
003 ES-MaACL
007 t|
008 070214s1985 sp r ||||1| spa d
020 _a84-85848-89-6
100 1 _aQuiles, Eduardo.
_994621
245 1 3 _aLa navaja
_b: espectáculo teatral para dos actores y maniquíes /
_cEduardo Quiles.
260 _aMadrid :
_bPreyson,
_c1985.
300 _a47 p. ;
_c16 cm.
490 1 _aArte escénico ;
_v72
830 0 _aArte escénico ;
_v72
_9180796
852 _aES-MaACL
_jL-9956
_bR.111278
999 _c123475
_d123475